Welcome to the Holygrace Academy Library

Please use search bar below to get started

SAMKSHIPTHA SABDATHARAVALI (Record no. 2230)

MARC details
000 -LEADER
fixed length control field 00290nam a22001217a 4500
082 ## - DEWEY DECIMAL CLASSIFICATION NUMBER
Classification number 030
Item number GOP/S
100 ## - MAIN ENTRY--AUTHOR NAME
Personal name PADMANABHA PILLAI, SREEKANTESWARAM G
245 ## - TITLE STATEMENT
Title SAMKSHIPTHA SABDATHARAVALI
260 ## - PUBLICATION, DISTRIBUTION, ETC. (IMPRINT)
Place of publication KOTTAYAM
Name of publisher DC BOOKS
300 ## - PHYSICAL DESCRIPTION
Number of Pages 1152
650 ## - SUBJECT ADDED ENTRY--TOPICAL TERM
Topical Term SABDATHARAVALI
Geographic subdivision KERALA
942 ## - ADDED ENTRY ELEMENTS (KOHA)
Koha item type Books
Holdings
Withdrawn status Lost status Collection code Home library Current library Shelving location Date acquired Source of acquisition Full call number Accession Number Koha item type
    Reference Main Library Main Library SHELF 2-C-MALAYALAM ENCYCLOPEDIAS & OTHER BOOKS 04/12/2013 PURCHASE 030 GOP/S 06222 Books